| 000 | 00672nam a2200217 a 4500 | ||
|---|---|---|---|
| 999 |
_c10340 _d10340 |
||
| 001 | 10340 | ||
| 003 | BD-JhCC | ||
| 005 | 20180424100816.0 | ||
| 008 | 180424s2011 bg |||| ||a| 000 0 ben d | ||
| 035 | _a(BD-JhCC)10340 | ||
| 040 |
_aBD-JhCC _dBD-JhCC |
||
| 041 | _aben | ||
| 082 |
_a891.4409 _bGUP 2011 |
||
| 100 | _aগুপ্ত, অতুলচন্দ্র | ||
| 245 |
_aকাব্য জিজ্ঞাসা / _cঅতুলচন্দ্র গুপ্ত, |
||
| 260 |
_aঢাকা : _bসুজয়নী পাবলিশার্স _c2011 |
||
| 300 |
_a79 p. : _c22cm. |
||
| 650 | _aBengali Literature | ||
| 942 |
_2ddc _cBK |
||